| 000 | 00867nam a22002537a 4500 | ||
|---|---|---|---|
| 003 | DO-SdBNP | ||
| 005 | 20210621090730.0 | ||
| 007 | ta | ||
| 008 | 210513e2017 dr ||||er|||| 00| pdspa d | ||
| 020 | _a9789945167818 | ||
| 040 |
_aDO-SdBNP _bspa _cBNPHU |
||
| 082 | 4 |
_aRD861.5 _bE56p _222 |
|
| 100 | 1 |
_919515 _aEncarnación Castillo, Miguel Ángel, _d1981- |
|
| 245 | 1 | 3 |
_aPoemas de Encarnación y por la paz de mi país / _cMiguel Ángel Encarnación ; prólogo, Kenia Y. LantIgua |
| 260 |
_aSanto Domingo: _bBuho, _c2017 |
||
| 300 |
_a54 p. ; _c22 cm |
||
| 500 | _aIncluye datos biográficos del autor en las solapas | ||
| 590 | _aInventariado, 2021/MFF | ||
| 650 | 4 |
_aPoesía dominicana _978913 |
|
| 650 | 4 |
_aLiteratura dominicana _978914 |
|
| 700 | 1 | 0 |
_aLantigua , Kenia Y. _eprólogo _978586 |
| 910 | _aValidado. Control de calidad MFF | ||
| 942 |
_2ddc _cLBS1 |
||
| 999 |
_c49810 _d49810 |
||